Skúsenosti s čitateľom

Bibliographic Details
Main Author: Kantorová-Báliková, Jana, 1951- (Author)
Format: Article
Language:Slovak
Subjects:

MARC

LEADER 00000nab a2200000 a 4500
001 vtls000184038
003 SK-MaSNL
005 20260303164342.0
008 111106c1984 xo 0 slo
015 |a SNBRB19rr/mm-uuuuu 
035 |a CL0194151 
040 |a SNKBUCL  |b slo  |c SNKBUCL  |e AACR2 
041 0 |a slo 
044 |a xo  |c SK 
080 |a 82:028  |2 1981 
080 |a 028  |2 1981 
080 |a 885.4  |2 1981 
100 1 |a Kantorová-Báliková, Jana,  |d 1951-  |4 aut  |9 160814 
245 1 0 |a Skúsenosti s čitateľom  |c Kantorová, Jana Báliková 
300 |b Nedeľa, príloha Nového slova, č. 18, s. 4. 
650 0 7 |a čítanie umeleckej literatúry  |2 snkbucl  |9 921050 
655 7 |a články z novín a časopisov  |2 snkbucl  |9 267496 
655 7 |a články z odboru literárna veda a krásna literatúra  |2 snkbucl  |9 770045 
700 1 |a Kantorová-Báliková, Jana,  |d 1951-  |4 aut  |9 160814 
773 0 |t Nové slovo  |g Roč. 26, č. 18 (1984) 
850 |a Slovenská národná knižnica v Martine  |a MTA001 
852 |a SNK  |b KIS3GCP 
958 |a RK 
958 |a LX 
992 |a RBX 
999 |c 2064708  |d 2066638